Textbook of pediatric dentistry / (Record no. 21354)
[ view plain ]
| 000 -LEADER | |
|---|---|
| fixed length control field | 01113nam a22003015a 4500 |
| 005 - DATE AND TIME OF LATEST TRANSACTION | |
| control field | 20160309132112.0 |
| 008 - FIXED-LENGTH DATA ELEMENTS--GENERAL INFORMATION | |
| fixed length control field | 160309r20112009ii a frb 001 0 eng d |
| 020 ## - INTERNATIONAL STANDARD BOOK NUMBER | |
| International Standard Book Number | 8184485239 |
| 020 ## - INTERNATIONAL STANDARD BOOK NUMBER | |
| International Standard Book Number | 9788184485233 |
| 040 ## - CATALOGING SOURCE | |
| Original cataloging agency | EG-ScBUE |
| Language of cataloging | eng |
| Transcribing agency | EG-ScBUE |
| 082 04 - DEWEY DECIMAL CLASSIFICATION NUMBER | |
| Classification number | 617.645 |
| Item number | TEX |
| Edition number | 22 |
| 245 00 - TITLE STATEMENT | |
| Title | Textbook of pediatric dentistry / |
| Statement of responsibility, etc | editor Nikhil Marwah ; forewords Anil Kohli, Usha Mohan Das, M. L. Swarnkar. |
| 250 ## - EDITION STATEMENT | |
| Edition statement | 2nd ed., Reprinted ed. |
| 260 ## - PUBLICATION, DISTRIBUTION, ETC. (IMPRINT) | |
| Place of publication, distribution, etc | New Delhi : |
| Name of publisher, distributor, etc | Jaypee Brothers Medical Publishers (p) LTD., |
| Date of publication, distribution, etc | 2011. |
| 300 ## - PHYSICAL DESCRIPTION | |
| Extent | xxiv, 665 p. : |
| Other physical details | ill. ; |
| Dimensions | 27 cm. |
| 500 ## - GENERAL NOTE | |
| General note | Index : p. [659]-665. |
| 500 ## - GENERAL NOTE | |
| General note | Reprinted 2009 edition. |
| 504 ## - BIBLIOGRAPHY, ETC. NOTE | |
| Bibliography, etc | Includes bibliographical references. |
| 541 ## - IMMEDIATE SOURCE OF ACQUISITION NOTE | |
| Source of acquisition | Donation from Al-Dar Al-Arabia lil-Nashr wa-al-Tawzīʻ. |
| 650 #7 - SUBJECT ADDED ENTRY--TOPICAL TERM | |
| Topical term or geographic name as entry element | Pedodontics. |
| Source of heading or term | BUEsh |
| 9 (RLIN) | 39506 |
| 651 ## - SUBJECT ADDED ENTRY--GEOGRAPHIC NAME | |
| Source of heading or term | BUEsh |
| 653 ## - INDEX TERM--UNCONTROLLED | |
| Resource For college | |
| Arrived date list | March2016 |
| 700 1# - ADDED ENTRY--PERSONAL NAME | |
| Personal name | Marwah, Nikhil, |
| Relator term | editor. |
| 700 1# - ADDED ENTRY--PERSONAL NAME | |
| Personal name | Kohli, Anil, |
| Relator term | author of introduction, etc. |
| 700 1# - ADDED ENTRY--PERSONAL NAME | |
| Personal name | Das, Usha Mohan, |
| Relator term | author of introduction, etc. |
| 700 1# - ADDED ENTRY--PERSONAL NAME | |
| Personal name | Swarnkar, M. L. |
| Relator term | author of introduction, etc. |
| 942 ## - ADDED ENTRY ELEMENTS (KOHA) | |
| Source of classification or shelving scheme | Dewey Decimal Classification |
| Withdrawn status | Item status | Source of classification or shelving scheme | Damaged status | Not for loan | Vendor | Home library | Current library | Shelving location | Date acquired | Source of acquisition | Total Checkouts | Total Renewals | Full call number | Barcode | Date last seen | Date last borrowed | Koha item type |
|---|---|---|---|---|---|---|---|---|---|---|---|---|---|---|---|---|---|
| Dewey Decimal Classification | Central Library | Central Library | First floor | 09/03/2016 | Donation | 4 | 18 | 617.645 TEX | 000031887 | 15/07/2025 | 29/09/2024 | Book - Borrowing |